[Event "KUP Vojvodine - finale"]
[Site "Novi Banovci, Hotel Novella u"]
[Date "2018.04.28"]
[Round "2.2"]
[White "Jovanovic, Radoslav"]
[Black "Popovic, Zoran M"]
[Result "1/2-1/2"]
[WhiteElo "2197"]
[BlackElo "2181"]
[PlyCount "133"]
[EventDate "2018.04.27"]
[WhiteTeam "Car Uros Jazak"]
[BlackTeam "Hercegovac Gajdobra"]

1. d4 d5 2. c4 e6 3. Nf3 Nf6 4. Nc3 Be7 5. Bf4 O-O 6. e3 b6 7. Bd3 dxc4 8. Bxc4
Bb7 9. O-O Nbd7 10. d5 exd5 11. Nxd5 Nxd5 12. Bxd5 c6 13. Bb3 Nc5 14. Nd4 Nxb3
15. Qxb3 Bd6 16. Ne6 fxe6 17. Qxe6+ Kh8 18. Qxd6 Qxd6 19. Bxd6 Rfe8 20. Rfd1 c5
21. Bg3 Rad8 22. Bh4 Rd5 23. Rxd5 Bxd5 24. a3 Bb3 25. Rc1 h6 26. Rc3 Be6 27.
Rd3 Kg8 28. Rd8 Rxd8 29. Bxd8 Kf7 30. Bc7 b5 31. Bd6 c4 32. Bb4 Bf5 33. f3 Bd3
34. e4 g6 35. Kf2 h5 36. h4 Ke6 37. Ke3 Bf1 38. g3 Ke5 39. Bc3+ Kd6 40. Kf4 Be2
41. g4 hxg4 42. fxg4 Ke6 43. Kg5 Kf7 44. e5 Bd3 45. h5 gxh5 46. gxh5 Bc2 47.
Kh6 Bf5 48. Bb4 Bg4 49. Kg5 Bd1 50. e6+ Kxe6 51. Kg6 Kd5 52. h6 Kd4 53. Bc3+
Ke3 54. h7 Bc2+ 55. Kg7 Bxh7 56. Kxh7 Kd3 57. Kg6 Kc2 58. Kf5 a5 59. Ke4 b4 60.
Be5 bxa3 61. bxa3 Kb3 62. Bd6 c3 63. Kd4 c2 64. Bf4 Kxa3 65. Kc3 Ka4 66. Kc4
c1=Q+ 67. Bxc1 1/2-1/2

[Event "KUP Vojvodine - finale"]
[Site "Novi Banovci, Hotel Novella u"]
[Date "2018.04.28"]
[Round "2.2"]
[White "Pavkov, Nebojsa"]
[Black "Nikolic, Predrag N"]
[Result "1-0"]
[WhiteElo "2182"]
[BlackElo "1973"]
[PlyCount "71"]
[EventDate "2018.04.27"]
[WhiteTeam "Hercegovac Gajdobra"]
[BlackTeam "Car Uros Jazak"]

1. d4 Nf6 2. c4 c5 3. d5 e6 4. Nc3 exd5 5. cxd5 d6 6. e4 g6 7. f4 Bg7 8. Bb5+
Nfd7 9. Bd3 O-O 10. Nf3 Na6 11. O-O Nc7 12. a4 a6 13. a5 Rb8 14. h4 b5 15. axb6
Nxb6 16. h5 c4 17. Be2 Re8 18. Nd4 Bd7 19. hxg6 fxg6 20. Bf3 Nb5 21. Nde2 Bc8
22. Be3 Nxc3 23. bxc3 Bb7 24. Rb1 Ba8 25. Bd4 Qc7 26. Bxg7 Qxg7 27. Nd4 Nd7 28.
Qa4 Nc5 29. Qxc4 Rbc8 30. Bg4 Rc7 31. Ne6 Nxe6 32. Bxe6+ Kh8 33. Qxa6 Qxc3 34.
Qxd6 Qe3+ 35. Kh2 Rg7 36. Rb8 1-0

[Event "KUP Vojvodine - finale"]
[Site "Novi Banovci, Hotel Novella u"]
[Date "2018.04.28"]
[Round "2.2"]
[White "Dedijer, Zarko"]
[Black "Milosevic, Dragan S"]
[Result "1-0"]
[WhiteElo "1981"]
[BlackElo "1944"]
[PlyCount "87"]
[EventDate "2018.04.27"]
[WhiteTeam "Hercegovac Gajdobra"]
[BlackTeam "Car Uros Jazak"]

1. d4 Nf6 2. Nf3 g6 3. Bf4 Bg7 4. h3 d6 5. e3 O-O 6. c3 Nbd7 7. Nbd2 c5 8. Be2
Re8 9. O-O a6 10. a4 h6 11. Qb3 Qb6 12. Qxb6 Nxb6 13. a5 Nbd5 14. Bh2 b5 15.
axb6 Nxb6 16. dxc5 dxc5 17. Ra5 Nfd7 18. Rfa1 Bb7 19. Bxa6 Bxa6 20. Rxa6 Rxa6
21. Rxa6 Ra8 22. Rxa8+ Nxa8 23. Nc4 Nab6 24. Nxb6 Nxb6 25. Nd2 Na4 26. Nc4 f5
27. Kf1 Kf7 28. Ke2 Ke6 29. Kd3 Kd5 30. f3 Kc6 31. e4 Kb5 32. e5 Kc6 33. f4 g5
34. g3 e6 35. Bg1 Bf8 36. b3 Nb6 37. Nxb6 Kxb6 38. fxg5 hxg5 39. b4 Kc6 40.
Bxc5 Bxc5 41. bxc5 Kxc5 42. h4 Kd5 43. c4+ Kxe5 44. hxg5 1-0

[Event "KUP Vojvodine - finale"]
[Site "Novi Banovci, Hotel Novella u"]
[Date "2018.04.28"]
[Round "2.3"]
[White "Sekulic, Dusan"]
[Black "Sirotanovic, Obrad"]
[Result "1-0"]
[WhiteElo "2220"]
[BlackElo "2184"]
[PlyCount "53"]
[EventDate "2018.04.27"]
[WhiteTeam "Banovci Dunav"]
[BlackTeam "Penzioner Subotica"]

1. d4 c5 2. d5 d6 3. e4 Nf6 4. Nc3 a6 5. a4 g6 6. Be2 Bg7 7. Nf3 O-O 8. O-O e5
9. Nd2 Bh6 10. Nc4 Bxc1 11. Qxc1 Ne8 12. f4 exf4 13. Qxf4 f6 14. a5 Ra7 15. Na4
Bd7 16. Nab6 Bb5 17. Bg4 Kg7 18. Ra3 Rf7 19. Be6 Rc7 20. Rh3 g5 21. Rg3 Qe7 22.
h4 h6 23. Ne3 Kf8 24. hxg5 hxg5 25. Rxg5 Ng7 26. Qxf6+ Qxf6 27. Rxf6+ 1-0

[Event "KUP Vojvodine - finale"]
[Site "Novi Banovci, Hotel Novella u"]
[Date "2018.04.28"]
[Round "2.3"]
[White "Scepanovic, Labud"]
[Black "Azaric, Slavko"]
[Result "1-0"]
[WhiteElo "2121"]
[BlackElo "2290"]
[PlyCount "107"]
[EventDate "2018.04.27"]
[WhiteTeam "Penzioner Subotica"]
[BlackTeam "Banovci Dunav"]

1. e4 c5 2. Nf3 Nc6 3. Nc3 g6 4. d3 Bg7 5. Be2 d6 6. O-O Nf6 7. Be3 O-O 8. h3
b6 9. Qd2 Bb7 10. Bh6 e5 11. Qg5 Nd4 12. Bd1 Ne6 13. Qc1 Qc7 14. Bxg7 Kxg7 15.
Re1 Nd4 16. a4 a6 17. Qe3 Rfe8 18. Qg5 b5 19. axb5 axb5 20. Rxa8 Rxa8 21. Qc1
b4 22. Nb1 Ra1 23. Nfd2 Bc6 24. c3 bxc3 25. bxc3 Ne6 26. Qb2 Qa7 27. Nc4 Nf4
28. Re3 Ra2 29. Qb3 Ra6 30. Qb2 Ra2 31. Qb3 Ra6 32. Qb2 Ne8 33. Bb3 Qe7 34. Kh2
Qh4 35. Rg3 Nh5 36. Rf3 Nf4 37. Ne3 Ra7 38. Rg3 Kh8 39. Bd5 Bxd5 40. Nxd5 Nxd5
41. exd5 Qe7 42. Nd2 Nf6 43. c4 Qb7 44. Qc1 Qe7 45. Rf3 Nh5 46. Qc3 Kg8 47. g3
Ra2 48. Nf1 Qb7 49. Qc1 Kg7 50. Ne3 Qb2 51. Nf5+ Kg8 52. Nh6+ Kf8 53. Rxf7+ Ke8
54. Qg5 1-0

[Event "KUP Vojvodine - finale"]
[Site "Novi Banovci, Hotel Novella u"]
[Date "2018.04.28"]
[Round "2.3"]
[White "Stankovic, Milos M"]
[Black "Maravic, Milorad"]
[Result "1/2-1/2"]
[WhiteElo "2168"]
[BlackElo "2170"]
[PlyCount "133"]
[EventDate "2018.04.27"]
[WhiteTeam "Banovci Dunav"]
[BlackTeam "Penzioner Subotica"]

1. d4 d5 2. c4 c6 3. Nf3 Nf6 4. g3 e6 5. Bg2 Be7 6. O-O O-O 7. Nbd2 Nbd7 8. Qc2
b6 9. e4 dxe4 10. Nxe4 Bb7 11. Rd1 Nxe4 12. Qxe4 Nf6 13. Qc2 Qc8 14. b3 c5 15.
Bb2 Be4 16. Qe2 cxd4 17. Nxd4 Bxg2 18. Kxg2 Qb7+ 19. Qf3 Qxf3+ 20. Kxf3 Rac8
21. a3 a5 22. Rd3 a4 23. Rc1 axb3 24. Nxb3 Rfd8 25. Rxd8+ Rxd8 26. Ke2 Nd7 27.
Rd1 e5 28. a4 f6 29. Bc3 Nb8 30. Rxd8+ Bxd8 31. Kd3 Kf7 32. c5 Ke6 33. Kc4 bxc5
34. Nxc5+ Kd6 35. a5 Kc6 36. Ne6 Be7 37. Nxg7 Na6 38. Nf5 Bc5 39. f4 exf4 40.
gxf4 Bg1 41. Bxf6 Bxh2 42. Nd4+ Kb7 43. Ne2 Kc6 44. Kd4 Nb4 45. Ke4 Kb5 46. f5
Bc7 47. Be7 Nc6 48. f6 Be5 49. f7 Bg7 50. Bf6 Bf8 51. Kd5 Ne7+ 52. Ke6 Ng6 53.
Bd8 Nh8 54. Nc3+ Ka6 55. Nd5 Nxf7 56. Kxf7 Bd6 57. Ke6 Bg3 58. Nb4+ Ka7 59.
Bb6+ Kb7 60. Bc5 Bc7 61. a6+ Ka8 62. Nc6 h5 63. Nd4 h4 64. Nb5 Bb8 65. Kd5 h3
66. Bg1 h2 67. Bxh2 1/2-1/2

[Event "KUP Vojvodine - finale"]
[Site "Novi Banovci, Hotel Novella u"]
[Date "2018.04.28"]
[Round "2.3"]
[White "Sedlak, Ivan"]
[Black "Vukovic, Ilija"]
[Result "1-0"]
[WhiteElo "2082"]
[BlackElo "1890"]
[PlyCount "53"]
[EventDate "2018.04.27"]
[WhiteTeam "Penzioner Subotica"]
[BlackTeam "Banovci Dunav"]

1. e4 c5 2. Nf3 e6 3. b3 a6 4. Bb2 d6 5. d4 b6 6. Bd3 Nd7 7. O-O Bb7 8. Nbd2
cxd4 9. Nxd4 Ngf6 10. f4 Be7 11. Qf3 Nc5 12. Rae1 b5 13. Qg3 O-O 14. Qh3 Qb6
15. Kh1 Nxd3 16. cxd3 Kh8 17. g4 Nd7 18. g5 d5 19. g6 fxg6 20. Nxe6 Rf7 21.
Bxg7+ Kg8 22. Bd4 Qa5 23. Re2 dxe4 24. dxe4 Re8 25. f5 Bb4 26. Rg1 Bxd2 27.
Rxg6+ 1-0

[Event "KUP Vojvodine - finale"]
[Site "Novi Banovci, Hotel Novella u"]
[Date "2018.04.28"]
[Round "2.4"]
[White "Babic, Laza"]
[Black "Gajcin, Marina"]
[Result "0-1"]
[WhiteElo "1857"]
[BlackElo "2222"]
[PlyCount "82"]
[EventDate "2018.04.27"]
[WhiteTeam "Simanovci"]
[BlackTeam "Prigrevacki SK"]

1. e4 c5 2. Nf3 Nc6 3. c3 d5 4. exd5 Qxd5 5. d4 Nf6 6. Be3 e6 7. Nbd2 cxd4 8.
Bc4 Qd8 9. Nxd4 Nxd4 10. Bxd4 Be7 11. Bb5+ Bd7 12. Qa4 a6 13. Bxd7+ Qxd7 14.
Qxd7+ Nxd7 15. O-O O-O 16. Nf3 f6 17. Rad1 Rfd8 18. g3 Kf7 19. Kg2 Rac8 20.
Rfe1 e5 21. Be3 Bc5 22. b3 b5 23. Rc1 Nb6 24. Bxc5 Rxc5 25. Re2 Rdc8 26. Rec2
Nd5 27. Nd2 Rxc3 28. Rxc3 Rxc3 29. Rxc3 Nxc3 30. a3 e4 31. b4 Ke6 32. Kf1 Kd5
33. Ke1 f5 34. h3 g5 35. Nf1 f4 36. Nd2 h6 37. g4 e3 38. fxe3 fxe3 39. Nb3 Ke4
40. Nc5+ Kf3 41. Nxa6 Nb1 0-1

[Event "KUP Vojvodine - finale"]
[Site "Novi Banovci, Hotel Novella u"]
[Date "2018.04.28"]
[Round "2.4"]
[White "Saric, Vladimir"]
[Black "Ristovski, Branislav"]
[Result "0-1"]
[WhiteElo "2182"]
[BlackElo "2154"]
[PlyCount "80"]
[EventDate "2018.04.27"]
[WhiteTeam "Simanovci"]
[BlackTeam "Prigrevacki SK"]

1. e4 c5 2. Nf3 d6 3. c3 Nf6 4. Qc2 g6 5. Bc4 Bg7 6. Ng5 e6 7. d4 O-O 8. O-O
Nc6 9. dxc5 dxc5 10. Be3 b6 11. h3 h6 12. Nf3 Qc7 13. Nbd2 Bb7 14. Rad1 Rad8
15. Rfe1 Rd7 16. e5 Nd5 17. Bxd5 Rxd5 18. Bf4 Ne7 19. Ne4 Rxd1 20. Rxd1 Bxe4
21. Qxe4 c4 22. g4 Nd5 23. Bg3 Rc8 24. Rd4 Bf8 25. Nd2 b5 26. Qf3 Bc5 27. Rxd5
exd5 28. e6 Qe7 29. Qxd5 Rd8 30. exf7+ Kh7 31. f8=N+ Qxf8 32. Qb7+ Qe7 33.
Qxe7+ Bxe7 34. Ne4 Rd1+ 35. Kg2 Rb1 36. a4 bxa4 37. Nd2 Rxb2 38. Nxc4 Rc2 39.
Be5 a3 40. Ne3 Rc1 0-1

[Event "KUP Vojvodine - finale"]
[Site "Novi Banovci, Hotel Novella u"]
[Date "2018.04.28"]
[Round "2.5"]
[White "Kovacevic, Nikola R"]
[Black "Radulovic, Dragan B"]
[Result "1/2-1/2"]
[WhiteElo "1749"]
[BlackElo "2179"]
[PlyCount "68"]
[EventDate "2018.04.27"]
[WhiteTeam "Sloga Indjija II"]
[BlackTeam "Sremac"]

1. d4 c5 2. d5 g6 3. c4 Bg7 4. e4 d6 5. Nf3 Nf6 6. Nc3 O-O 7. Be2 Na6 8. O-O
Nc7 9. Be3 a6 10. Nd2 e6 11. e5 dxe5 12. Bxc5 exd5 13. Bxf8 Qxf8 14. cxd5 Nfxd5
15. Nxd5 Nxd5 16. Nc4 Be6 17. Bf3 Rd8 18. Qe1 Nb4 19. Ne3 b6 20. Be2 e4 21. a3
Nd3 22. Qb1 b5 23. Nd1 Nc5 24. Nc3 Rd2 25. Bd1 Bf5 26. Bc2 Nd3 27. Rd1 Rxd1+
28. Nxd1 Qc5 29. Ne3 Bd4 30. Bxd3 exd3 31. Nxf5 Qxf5 32. Qf1 Bxb2 33. Rd1 Bxa3
34. Rxd3 Be7 1/2-1/2

[Event "KUP Vojvodine - finale"]
[Site "Novi Banovci, Hotel Novella u"]
[Date "2018.04.28"]
[Round "2.5"]
[White "Ivkovic, Dragan B"]
[Black "Marceta, Dimitrije"]
[Result "1-0"]
[WhiteElo "2083"]
[BlackElo "1560"]
[PlyCount "65"]
[EventDate "2018.04.27"]
[WhiteTeam "Sremac"]
[BlackTeam "Sloga Indjija II"]

1. e4 c5 2. Nc3 Nc6 3. f4 g6 4. Nf3 Bg7 5. Bb5 Nd4 6. Bc4 d6 7. h3 Bd7 8. a4
Qa5 9. Nxd4 cxd4 10. Nb5 Rc8 11. b3 a6 12. Na3 b5 13. Bd3 bxa4 14. Nc4 Qc7 15.
bxa4 d5 16. exd5 Qxf4 17. Qf3 Qxf3 18. gxf3 Rb8 19. Kf2 e5 20. dxe6 Bxe6 21.
Nd6+ Kd7 22. Ne4 a5 23. Nc5+ Kc6 24. Ba3 Kd5 25. Rae1 Nf6 26. f4 Nd7 27. Nxe6
fxe6 28. Be4+ Kc4 29. Bc6 Rbd8 30. Rxe6 Nc5 31. d3+ Nxd3+ 32. cxd3+ Kxd3 33.
Rc1 1-0

[Event "KUP Vojvodine - finale"]
[Site "Novi Banovci, Hotel Novella u"]
[Date "2018.04.28"]
[Round "2.5"]
[White "Muskinja, Luka"]
[Black "Rastovic, Milos"]
[Result "1-0"]
[WhiteElo "1653"]
[BlackElo "2074"]
[PlyCount "73"]
[EventDate "2018.04.27"]
[WhiteTeam "Sloga Indjija II"]
[BlackTeam "Sremac"]

1. b3 e5 2. Bb2 d6 3. e3 f5 4. d4 e4 5. Nh3 d5 6. c4 c6 7. Nc3 Nf6 8. Be2 Bd6
9. Nf4 Bxf4 10. exf4 O-O 11. O-O Be6 12. Rc1 h6 13. cxd5 cxd5 14. Ba3 Rf7 15.
Nb5 Ne8 16. Bh5 a6 17. Bxf7+ Bxf7 18. Nc3 Qh4 19. f3 Nf6 20. Qe1 Qh5 21. Be7
Nc6 22. Bxf6 gxf6 23. Qg3+ Kh8 24. Rcd1 Rg8 25. Qf2 Ne7 26. Ne2 Be6 27. Rc1 Nc6
28. fxe4 dxe4 29. Rfd1 Nb4 30. Ng3 Qg4 31. Qe3 Nd5 32. Qe2 Qxf4 33. Rf1 Qg5 34.
Qh5 Qxh5 35. Nxh5 Ne3 36. Rf2 Ng4 37. Re2 1-0

[Event "KUP Vojvodine - finale"]
[Site "Novi Banovci, Hotel Novella u"]
[Date "2018.04.28"]
[Round "2.5"]
[White "Kocijasevic, Zivko"]
[Black "Mandic, Milenko"]
[Result "0-1"]
[WhiteElo "1885"]
[BlackElo "1956"]
[PlyCount "82"]
[EventDate "2018.04.27"]
[WhiteTeam "Sremac"]
[BlackTeam "Sloga Indjija II"]

1. e4 d6 2. d4 Nf6 3. Bd3 g6 4. f3 Bg7 5. Be3 c6 6. Ne2 Nbd7 7. Nd2 e5 8. c3 d5
9. Ng3 O-O 10. O-O Qb6 11. Nb3 a5 12. a4 Qc7 13. Bc2 b6 14. Qd2 Re8 15. Bh6 Bh8
16. Rfe1 Bb7 17. dxe5 Nxe5 18. Bf4 Rad8 19. Qf2 c5 20. Rad1 Bc6 21. Bxe5 Rxe5
22. exd5 Rxe1+ 23. Qxe1 Rxd5 24. Rxd5 Nxd5 25. Nd2 Qf4 26. Nde4 Qe3+ 27. Qxe3
Nxe3 28. Bb3 c4 29. Ba2 Bxa4 30. Nd6 Bb3 31. Bxb3 cxb3 32. Nb5 Nd1 33. Ne2 Nxb2
34. Kf2 Nd1+ 35. Ke1 b2 36. Na3 Nxc3 37. Nxc3 Bxc3+ 38. Kd1 Bb4 39. Nb1 a4 40.
Kc2 a3 41. Kb3 f5 0-1

[Event "KUP Vojvodine - finale"]
[Site "Novi Banovci, Hotel Novella u"]
[Date "2018.04.28"]
[Round "2.6"]
[White "Majstorovic, Stanko"]
[Black "Jevtic, Mirko"]
[Result "1-0"]
[WhiteElo "2055"]
[BlackElo "1824"]
[PlyCount "97"]
[EventDate "2018.04.27"]
[WhiteTeam "Sloga Indjija I"]
[BlackTeam "Podunavac Belegis"]

1. e4 e5 2. Nf3 Nc6 3. Bb5 a6 4. Ba4 d6 5. d4 exd4 6. Nxd4 Bd7 7. Nxc6 Bxc6 8.
Bxc6+ bxc6 9. O-O Nf6 10. Qe2 Be7 11. Nd2 O-O 12. Nf3 Nd7 13. Qc4 c5 14. Bf4
Bf6 15. Rad1 Re8 16. b3 Qe7 17. Rfe1 Ne5 18. Bxe5 Bxe5 19. Nd2 Qe6 20. Qd3 Qf6
21. Re3 Qe6 22. Rh3 h6 23. Nc4 a5 24. a4 g5 25. Rf3 Bg7 26. Re3 Bd4 27. Re2 Qf6
28. Kf1 Re7 29. Ne3 Bxe3 30. Rxe3 Rae8 31. Rde1 Qe5 32. g3 Qd4 33. Qe2 Kg7 34.
h4 Re6 35. hxg5 hxg5 36. Qg4 Rg6 37. Kg2 Rh8 38. Qf5 Qf6 39. Qxf6+ Rxf6 40. e5
Re6 41. exd6 Rxe3 42. Rxe3 cxd6 43. Re7 Ra8 44. Rd7 Ra6 45. Kf3 Kg6 46. Ke4 d5+
47. Kxd5 Rf6 48. Rd6 Rxd6+ 49. Kxd6 1-0

[Event "KUP Vojvodine - finale"]
[Site "Novi Banovci, Hotel Novella u"]
[Date "2018.04.28"]
[Round "2.6"]
[White "Verencevic, Aleksandar"]
[Black "Labus, Vladislav"]
[Result "0-1"]
[WhiteElo "1679"]
[BlackElo "2112"]
[PlyCount "59"]
[EventDate "2018.04.27"]
[WhiteTeam "Podunavac Belegis"]
[BlackTeam "Sloga Indjija I"]

1. d4 f5 2. Nf3 Nf6 3. e3 e6 4. Bd3 Be7 5. Nc3 O-O 6. O-O Nc6 7. e4 fxe4 8.
Nxe4 Nb4 9. Nxf6+ Bxf6 10. Be2 b6 11. c3 Nd5 12. Qd3 Bb7 13. Re1 Be7 14. Bd1
Nf4 15. Bxf4 Rxf4 16. g3 Rf6 17. Ne5 Qe8 18. f4 d6 19. Ng4 Rg6 20. Bc2 Qc6 21.
d5 Qc5+ 22. Nf2 Bxd5 23. b4 Qc6 24. f5 Rh6 25. fxe6 Rf8 26. g4 Rxf2 27. Kxf2
Rxh2+ 28. Kg3 Bh1 29. Rg1 Rxc2 30. Qxc2 0-1

[Event "KUP Vojvodine - finale"]
[Site "Novi Banovci, Hotel Novella u"]
[Date "2018.04.28"]
[Round "2.6"]
[White "Ivas, Jovo"]
[Black "Verencevic, Milan"]
[Result "1-0"]
[WhiteElo "2051"]
[BlackElo "1977"]
[PlyCount "59"]
[EventDate "2018.04.27"]
[WhiteTeam "Sloga Indjija I"]
[BlackTeam "Podunavac Belegis"]

1. e4 e6 2. d4 d5 3. Nd2 dxe4 4. Nxe4 Nf6 5. Bg5 Be7 6. Bxf6 Bxf6 7. Nf3 Be7 8.
c3 O-O 9. Bd3 b6 10. O-O Bb7 11. Qc2 Nd7 12. Rad1 h6 13. Ne5 Nf6 14. Nxf6+ Bxf6
15. Rfe1 Rc8 16. f4 Qe7 17. f5 c5 18. fxe6 Bxe5 19. exf7+ Qxf7 20. dxe5 Qf4 21.
e6 Rfe8 22. e7 Qg5 23. Bc4+ Kh8 24. Rd7 Qh4 25. Qe2 Bc6 26. Rxa7 b5 27. Bf7 b4
28. Bxe8 Bxe8 29. Qe4 Qg5 30. Ra8 1-0

[Event "KUP Vojvodine - finale"]
[Site "Novi Banovci, Hotel Novella u"]
[Date "2018.04.28"]
[Round "2.6"]
[White "Domonji, Martin"]
[Black "Perovic, Milorad"]
[Result "0-1"]
[WhiteElo "1958"]
[BlackElo "1878"]
[PlyCount "132"]
[EventDate "2018.04.27"]
[WhiteTeam "Podunavac Belegis"]
[BlackTeam "Sloga Indjija I"]

1. d4 Nf6 2. Bf4 g6 3. Nf3 Bg7 4. c3 O-O 5. e3 d6 6. Nbd2 b6 7. Bd3 Bb7 8. Bg5
Nbd7 9. O-O c5 10. Re1 Qc7 11. Rc1 Rfe8 12. e4 e5 13. d5 h6 14. Bh4 Nf8 15. c4
g5 16. Bg3 Ng6 17. Nf1 h5 18. h3 Bh6 19. Ne3 Bc8 20. Rc2 Nf4 21. Nf1 g4 22.
hxg4 Bxg4 23. N1h2 Qd7 24. Nxg4 Qxg4 25. Nh4 Qxd1 26. Rxd1 Nxd3 27. Rxd3 Nxe4
28. Nf5 Kh7 29. f3 Nxg3 30. Nxg3 Kg6 31. Kf2 f5 32. Re2 Bg5 33. Nf1 h4 34. Ra3
Re7 35. Ra6 e4 36. a4 exf3 37. Rxe7 Bxe7 38. Kxf3 Kf6 39. Kf4 Bf8 40. Nh2 Bh6+
41. Kf3 Ke5 42. Ke2 Kf4 43. a5 Rb8 44. axb6 Rxb6 45. Rxb6 axb6 46. Nf3 Bg5 47.
Ne1 Kg3 48. Kf1 Bf6 49. Nd3 Bd4 50. b4 f4 51. bxc5 bxc5 52. Ne1 Bc3 53. Nc2 f3
54. gxf3 Kxf3 55. Kg1 Ke4 56. Kg2 Kd3 57. Na3 Bb2 58. Nb5 Be5 59. Na3 Kc3 60.
Kh3 Kb4 61. Nc2+ Kxc4 62. Kxh4 Kxd5 63. Kg4 Ke4 64. Na3 d5 65. Kh3 Kd3 66. Kg2
c4 0-1

[Event "KUP Vojvodine - finale"]
[Site "Novi Banovci, Hotel Novella un"]
[Date "2018.04.29"]
[Round "3.1"]
[White "Vlatkovic, Sinisa"]
[Black "Popovic, Zoran M"]
[Result "1-0"]
[WhiteElo "2263"]
[BlackElo "2181"]
[PlyCount "89"]
[EventDate "2018.04.27"]
[WhiteTeam "Mladost Nova Pazova"]
[BlackTeam "Hercegovac Gajdobra"]

1. d4 d5 2. c4 e6 3. Nc3 Nf6 4. Bg5 Be7 5. e3 O-O 6. Qc2 Nbd7 7. cxd5 exd5 8.
Bd3 h6 9. Bf4 c6 10. h3 b6 11. Nf3 Bb7 12. g4 c5 13. Rg1 cxd4 14. Nxd4 Ne4 15.
Nxe4 dxe4 16. Bxe4 Rc8 17. Qb1 Bxe4 18. Qxe4 Nf6 19. Qf3 Qd5 20. g5 Bb4+ 21.
Kf1 Ne4 22. Rd1 hxg5 23. Bxg5 Qc4+ 24. Qe2 Nd2+ 25. Rxd2 Bxd2 26. Qxc4 Rxc4 27.
Ke2 Bb4 28. Bf6 g6 29. Rg4 Rc5 30. a3 Rh5 31. axb4 Rxh3 32. b5 Re8 33. e4 Kf8
34. e5 Rc8 35. Rh4 Rxh4 36. Bxh4 a6 37. bxa6 Ra8 38. e6 fxe6 39. Nxe6+ Kf7 40.
Nc7 Ra7 41. Bg3 Ke7 42. Kd3 Kd7 43. Kc4 Kc6 44. b4 b5+ 45. Kd4 1-0

[Event "KUP Vojvodine - finale"]
[Site "Novi Banovci, Hotel Novella un"]
[Date "2018.04.29"]
[Round "3.1"]
[White "Pavkov, Nebojsa"]
[Black "Grcic, Vukasin"]
[Result "1-0"]
[WhiteElo "2182"]
[BlackElo "2098"]
[PlyCount "73"]
[EventDate "2018.04.27"]
[WhiteTeam "Hercegovac Gajdobra"]
[BlackTeam "Mladost Nova Pazova"]

1. Nf3 d5 2. g3 c5 3. Bg2 Nc6 4. O-O Nf6 5. d3 e5 6. Nbd2 Be7 7. c4 d4 8. Ne1
Bd7 9. Nc2 Qc8 10. Re1 Bh3 11. Bh1 h5 12. Ne4 Ng4 13. f3 Nh6 14. e3 h4 15. exd4
hxg3 16. hxg3 cxd4 17. b4 Kf8 18. b5 Nd8 19. Nf2 Be6 20. Rxe5 Bd6 21. Ba3 Bxa3
22. Nxa3 Nf5 23. g4 Ne3 24. Qd2 Qb8 25. f4 Bxg4 26. Nxg4 Nxg4 27. Qb4+ Kg8 28.
Re8+ Kh7 29. Be4+ g6 30. Rxh8+ Kxh8 31. Qf8+ Kh7 32. Bxg6+ Kxg6 33. Qg8+ Kf6
34. Qg5+ Ke6 35. Qxg4+ Ke7 36. Re1+ Kf8 37. Qh4 1-0

[Event "KUP Vojvodine - finale"]
[Site "Novi Banovci, Hotel Novella un"]
[Date "2018.04.29"]
[Round "3.1"]
[White "Gavric, Zivojin"]
[Black "Pecelj, Nedeljko"]
[Result "1-0"]
[WhiteElo "2102"]
[BlackElo "2186"]
[PlyCount "80"]
[EventDate "2018.04.27"]
[WhiteTeam "Mladost Nova Pazova"]
[BlackTeam "Hercegovac Gajdobra"]

1. e4 e6 2. d3 d5 3. Nd2 Nf6 4. e5 Nfd7 5. f4 c5 6. g3 b5 7. Bg2 Bb7 8. Nh3 h6
9. Nf3 Nc6 10. O-O Be7 11. c3 Qc7 12. d4 b4 13. cxb4 Nxb4 14. a3 Nc6 15. Kh1
cxd4 16. Nxd4 Nxd4 17. Qxd4 Nc5 18. Be3 Qd7 19. Rab1 Ba6 20. Rfd1 Be2 21. Re1
Bd3 22. Rbc1 O-O 23. Rxc5 Bxc5 24. Qxc5 Rfc8 25. Qd4 Bg6 26. Rc1 a5 27. Ng1
Rxc1 28. Bxc1 Rc8 29. Bd2 Rc4 30. Qb6 a4 31. Nf3 Rc2 32. Kg1 d4 33. Qb4 d3 34.
g4 Qa7+ 35. Kf1 Qa6 36. Nh4 Bh7 37. Bb7 Qa7 38. Bg2 g5 39. fxg5 hxg5 40. Nf3
Qc7 1-0

[Event "KUP Vojvodine - finale"]
[Site "Novi Banovci, Hotel Novella un"]
[Date "2018.04.29"]
[Round "3.2"]
[White "Sirotanovic, Obrad"]
[Black "Rogac, Srdjan"]
[Result "1-0"]
[WhiteElo "2184"]
[BlackElo "2331"]
[PlyCount "93"]
[EventDate "2018.04.27"]
[WhiteTeam "Penzioner Subotica"]
[BlackTeam "Mladenovo"]

1. d4 Nf6 2. c4 e6 3. Nc3 Bb4 4. Bd2 O-O 5. Nf3 b6 6. e3 Bb7 7. Bd3 Bxc3 8.
Bxc3 Ne4 9. Rc1 f5 10. O-O d6 11. Be1 Nd7 12. Nd2 Qg5 13. f4 Qg6 14. Nxe4 Bxe4
15. Bxe4 fxe4 16. Qa4 Qf7 17. Qc6 Nf6 18. Bh4 Qd7 19. Qxd7 Nxd7 20. g4 a5 21.
Rc2 Rf7 22. Rcf2 a4 23. f5 e5 24. Rd2 Raf8 25. Bg3 exd4 26. exd4 h5 27. Re2
hxg4 28. Rxe4 Rxf5 29. Rxf5 Rxf5 30. Re8+ Rf8 31. Re7 Rf7 32. Re3 Nf6 33. Ra3
d5 34. Rxa4 dxc4 35. Rxc4 Nd5 36. Rc1 Re7 37. Be5 Re6 38. Kf2 c5 39. Kg3 Nb4
40. Rd1 Nc2 41. Rd2 Nb4 42. Kf4 cxd4 43. Kf5 Kf7 44. Bxg7 d3 45. Bc3 Nxa2 46.
Rxd3 Re2 47. Be5 1-0

[Event "KUP Vojvodine - finale"]
[Site "Novi Banovci, Hotel Novella un"]
[Date "2018.04.29"]
[Round "3.2"]
[White "Parezanin, Darko"]
[Black "Scepanovic, Labud"]
[Result "0-1"]
[WhiteElo "2285"]
[BlackElo "2121"]
[PlyCount "44"]
[EventDate "2018.04.27"]
[WhiteTeam "Mladenovo"]
[BlackTeam "Penzioner Subotica"]

1. e4 d6 2. d4 e5 3. dxe5 dxe5 4. Qxd8+ Kxd8 5. Nc3 Nf6 6. f4 Nc6 7. Nf3 Bd6 8.
fxe5 Nxe5 9. Bg5 Be6 10. O-O-O Ke7 11. Nd5+ Bxd5 12. Rxd5 Nxf3 13. gxf3 h6 14.
Be3 Nxd5 15. exd5 g5 16. h4 Bf4 17. Bxf4 gxf4 18. Bd3 Kd6 19. h5 Rhg8 20. Rh4
Ke5 21. Rh2 Rae8 22. b4 Kd4 0-1

[Event "KUP Vojvodine - finale"]
[Site "Novi Banovci, Hotel Novella un"]
[Date "2018.04.29"]
[Round "3.2"]
[White "Maravic, Milorad"]
[Black "Krejic, Igor"]
[Result "1/2-1/2"]
[WhiteElo "2170"]
[BlackElo "2256"]
[PlyCount "65"]
[EventDate "2018.04.27"]
[WhiteTeam "Penzioner Subotica"]
[BlackTeam "Mladenovo"]

1. e4 e5 2. Nf3 Nf6 3. Nc3 Bb4 4. a3 Bxc3 5. bxc3 O-O 6. d3 Re8 7. Be2 h6 8. c4
d6 9. h3 Nbd7 10. Nh2 Nf8 11. f4 exf4 12. Bxf4 Ng6 13. Bd2 c6 14. O-O d5 15.
cxd5 cxd5 16. exd5 Nxd5 17. Bf3 Nh4 18. Re1 Rxe1+ 19. Qxe1 Nxf3+ 20. Nxf3 Be6
21. Kh1 Qf6 22. Qe5 Qxe5 23. Nxe5 Rd8 24. Kg1 Ne7 25. Kf2 f6 26. Nf3 Nc6 27.
Be3 b5 28. Rb1 a6 29. Re1 Kf7 30. g4 g5 31. Kg3 Bd5 32. Nd4 Nxd4 33. Bxd4
1/2-1/2

[Event "KUP Vojvodine - finale"]
[Site "Novi Banovci, Hotel Novella un"]
[Date "2018.04.29"]
[Round "3.2"]
[White "Mladenovic, Aleksandar D"]
[Black "Sedlak, Ivan"]
[Result "1/2-1/2"]
[WhiteElo "2024"]
[BlackElo "2082"]
[PlyCount "73"]
[EventDate "2018.04.27"]
[WhiteTeam "Mladenovo"]
[BlackTeam "Penzioner Subotica"]

1. d4 Nf6 2. Nf3 e6 3. c4 Bb4+ 4. Bd2 Qe7 5. Nc3 O-O 6. e3 b6 7. Be2 Bxc3 8.
Bxc3 Ne4 9. Qc2 Bb7 10. O-O Nxc3 11. Qxc3 d6 12. a3 Nd7 13. b4 Nf6 14. Rac1 c5
15. Nd2 Rfd8 16. Bf3 Bxf3 17. Nxf3 Rac8 18. Rfd1 h6 19. h3 Qb7 20. dxc5 dxc5
21. b5 Qe4 22. Ne5 Ra8 23. f3 Qf5 24. Nc6 Rxd1+ 25. Rxd1 Qg5 26. Rd6 Qg3 27.
Qe5 Qh4 28. Qf4 Qe1+ 29. Kh2 Qe2 30. Ne5 Qb2 31. e4 Qc3 32. Nxf7 Kxf7 33. e5
Ke7 34. exf6+ Qxf6 35. Qg3 Qg5 36. Rc6 Kf7 37. a4 1/2-1/2